banner-ar

وثائق مقاومة الضفة الغربية للاردن للاحتلال الاسرائيلى 1967 / (Record no. 54435)

MARC details
000 -الفاتح
حقل البيانات ثابتة الطول 00670nam a2200169Ia 4500
008 - عناصر البيانات ثابتة الطول - معلومات عامة
حقل البيانات ثابتة الطول 140319s9999 xx 000 0 ara d
040 ## - مصدر الفهرسة
وكالة الفهرسة الأصلية GCL /
وكالة النسخ GCL
082 04 - رقم تصنيف ديوى العشرى
رقم التصنيف 956.904
رقم المادة م و
100 1# - المدخل الرئيسى - إسم شخصى
الإسم الشخصى مؤسسة الدراسات الفلسطينية
245 10 - بيان العنوان
العنوان وثائق مقاومة الضفة الغربية للاردن للاحتلال الاسرائيلى 1967 /
بيان المسئوليه,etc مؤسسة الدراسات الفلسطينية
300 ## - الوصف المادى
التعداد 128 ص
490 ## - بيان السلسلة
عنوان السلسلة سلسلة الوثائق الاساسية
رقم المجلد/ التعيين التسلسلي 0
650 04 - المدخل الاضافى بالموضوع-مصطلح موضوعى
مصطلح موضوعي النزاع العربى الاسرائيلى
942 ## - عناصر المدخل الإضافي( كوها)
مصدر التصنيف او مخطط الترفيف Dewey Decimal Classification
Koha [default] item type كتاب
260 ## - PUBLICATION, DISTRIBUTION, ETC. (IMPRINT)
-- [S.N] :
-- مؤسسة الدراسات الفلسطينية
Holdings
حالة التراجع حالة الفقد حالة تلف ليس للاعارة المكان المؤقت الموقع الحالى تاريخ الاكتساب اجمالي اﻻعارات رقم الطلب الباركود تاريخ اخر مشاهدة تاريخ تفعيل السعر نوع وعاء كوها
        مكتبة القاهرة الكبرى مكتبة القاهرة الكبرى 03/26/2014   956.904\م و 130907 03/26/2014 03/26/2014 كتاب

Powered By

EGPV